000 01932nam2a22003131 4500
001 v19\rc\1631910
005 20250618233514.0
035 _a(NLR Aleph) 004747019
090 _a4519538
_c4519538
100 _a20061002e18991899|||y0rusy50 ca
101 1 _arus
_cger
102 _aRU
105 _aa z |||||
200 1 _aПатология и терапия мужского бесплодия
_fПер. с нем. врача Ф.М. Шур
210 _d1899
_aБ. м.
215 _a[2], 88 с.
_cил.
311 _aОтт. из журн. Практич. медицина. 1899, № 1, 3
320 _aБиблиогр.: с. 87-88
461 0 _1001v19\rc\1631909
_12001#$aПатология и терапия мужского и женского бесплодия$e(E. Finger und M. Saenger. Die Pathologie und Therapie der Sterilität bei der Geschlechter. 1. Teil. Die Pathologie und Therapie der Sterilität beim Manne von Dr. E. Finger, a. o. Professor an der Unikersität Wien. Leipzig. 1898). Ч. 1-$vЧ. 1
_1700#1$aФингер$bЭ.$f1856-1939$gЭрнст
_94519535
_aФингер, Э. (1856-1939)
_cСанкт-Петербург
_d1899
_nжурн. "Практич. медицина" (В.С. Эттингер)
_o(E. Finger und M. Saenger. Die Pathologie und Therapie der Sterilität bei der Geschlechter. 1. Teil. Die Pathologie und Therapie der Sterilität beim Manne von Dr. E. Finger, a. o. Professor an der Unikersität Wien. Leipzig. 1898). Ч. 1-
_tПатология и терапия мужского и женского бесплодия
_vЧ. 1
488 0 _12001#$aПрактическая медицина$v1899, № 1, 3
_tПрактическая медицина
702 1 _aШур
_bФ.М.
_4730
801 0 _aRU
_bNLR
_gpsbo
801 0 _aRU
_bRuMoRGB
_2psbo
801 1 _aRU
_bProSoft-M
_2rusmarc
852 _aNLR
_j18.189.5.8
899 _aБАН
899 _aRuMoRGB
_jA 261/89
942 _cBOOK
980 _aNB